Anagrammes - Noms de sports - Statistiques

Statistiques générales
  • Ce quiz a été pris 62 fois
  • Le résultat moyen est 29 sur 96
Statistiques - réponses
HINT ANSWER % Correct
ecrahrbnocAc Accrobranche
83%
Bexo Boxe
72%
kAiïod Aïkido
65%
oivnAr Aviron
65%
taBdonnim Badminton
63%
Glfo Golf
63%
uJdo Judo
63%
-naCkyaokëa Canoë-kayak
61%
thacC Catch
61%
Eseaalcd Escalade
59%
enApé Apnée
57%
aéatKr Karaté
57%
iatqnÉutio Équitation
54%
risemcE Escrime
54%
oblatlFo Football
54%
u1m oerlF Formule 1
54%
utLet Lutte
54%
esylcCim Cyclisme
52%
laeabBls Baseball
50%
Mehacr Marche
50%
nNatoiat Natation
50%
-laBebtklas Basket-ball
48%
aeus Hokgcley rc Hockey sur glace
48%
akKya Kayak
48%
ilohtnaB Biathlon
46%
tkiCrec Cricket
46%
uinglCr Curling
46%
mGayiqtsenu Gymnastique
46%
alHdblna Handball
46%
oPol Polo
43%
Auyqmga Aquagym
41%
itmeltAhsé Athlétisme
39%
bosBeghli Bobsleigh
39%
cténlaDho Décathlon
39%
bgi-konKxic Kick-boxing
39%
Sik Ski
39%
rfuS Surf
39%
Smuo Sumo
37%
Trlic a'r à Tir à l'arc
37%
élareHitoihlp Haltérophilie
35%
Abrcéoi Aérobic
33%
-ryclsosocC Cyclo-cross
33%
znoagkcyoeuHs r Hockey sur gazon
33%
ailpkSin Ski alpin
33%
ennTsi Tennis
33%
CisstroF CrossFit
30%
esikJ t Jet ski
30%
R 7à uygb Rugby à 7
30%
mlnsiipAe Alpinisme
28%
ignfRta Rafting
28%
5 1guàbyR Rugby à 15
28%
hPtenltona Pentathlon
26%
usi-Jiujt Jiu-jitsu
24%
raKngti Karting
24%
ygàRb3u1 Rugby à 13
24%
Tsi poritfr Tir sportif
24%
goaugijngAq Aquajogging
22%
enoKd Kendo
22%
oarSwdnob Snowboard
22%
wnaeokodT Taekwondo
22%
nhoaMtra Marathon
20%
ouinausclMt Musculation
20%
équPneta Pétanque
17%
edkd nfS oi Ski de fond
17%
unrnuqainAg Aquarunning
15%
ienNéraonscn ayhostit Natation synchronisée
15%
téReag Régate
15%
shqSau Squash
15%
T ten eaeidsbln Tennis de table
15%
atlofSbl Softball
13%
akubgAqnii Aquabiking
11%
ai élcrobniltoFama Football américain
11%
Saeavt Savate
11%
spe oàCdir eu Course à pied
9%
eooglnnP Plongeon
9%
tSi uaàks Saut à ski
9%
tAsfrio Airsoft
7%
aetlLcerdjvoaen Lancer de javelot
4%
mcnaLee uaa dtrer Lancer de marteau
4%
nhueqidMaroe rc Marche nordique
4%
kloeSnet Skeleton
4%
ekaSiqnu tiu Ski nautique
4%
riindoSqek u Ski nordique
4%
p e duemaeuJ Jeu de paume
2%
qnuLeseiardcde Lancer de disque
2%
eisLn dr cedpoa Lancer de poids
2%
g tqeatstanPiieirau Patinage artistique
2%
Kgreiifnust Kitesurfing
0%
veitgssaaten Pd eie Patinage de vitesse
0%
csthygiérannisPoena Patinage synchronisé
0%
leeoPutqsab e Pelote basque
0%
e h làilavoencP Planche à voile
0%
nPéinegoas-lo rmseu Plongée sous-marine
0%
S ràahateuep l c Saut à la perche
0%
eSnauatuhu r et Saut en hauteur
0%
arl oSt eguenunu Saut en longueur
0%
Aucun quiz correspondant
Distribution des résultats
% des personnes avec chaque résultat
Percentile par nombre de réponses
Votre historique - résultats
Vous n’avez pas pris ce quiz